1996 IUCN red list of threatened animals. (Registro nro. 748)

Detalles MARC
000 -CABECERA
Campo de control 00920nam a2200253 i 4500
005 - FECHA Y HORA DE LA ULTIMA TRANSACCION
Campo de control 20200104041514.0
008 - ELEMENTOS DE LONGITUD FIJA—INFORMACION GENERAL
Campo de control 140221s1996 -Uk||||| |||| 00| 0 eng d
040 ## - FUENTE DE CATALOGACIÓN
Agencia catalogadora original CO-BoIAVH
Agencia transcriptora CO-BoIAVH
041 ## - IDIOMA
Código de idioma para texto/pista de sonido o título separado Inglés
044 ## - PAÍS DE PUBLICACIÓN
País de publicación
082 04 - NUMERO DE CLASIFICACION DECIMAL DEWEY
Número de clasificación 591.68
Número del ítem T53t2
245 00 - MENCION DE TITULO
Título 1996 IUCN red list of threatened animals.
Mención de responsabilidad compilen and edited by Jonathan Bailie and Brian Groombridge.
260 ## - PUBLICACION, DISTRIBUCION, ETC. (PIE DE IMPRENTA)
Lugar de publicación, distribución, etc. Cambridge :
Nombre del editor, distribuidor, etc. IUCN,
Fecha de publicación, distribución, etc. 1996.
300 ## - DESCRIPCION FISICA
Extensión 368 páginas
650 14 - ASIENTO SECUNDARIO DE MATERIA - TERMINO TEMATICO
Término temático o nombre geográfico como elemento de entrada Animales raros
9 (RLIN) 2792
650 24 - ASIENTO SECUNDARIO DE MATERIA - TERMINO TEMATICO
Término temático o nombre geográfico como elemento de entrada Animales extintos
9 (RLIN) 51518
650 24 - ASIENTO SECUNDARIO DE MATERIA - TERMINO TEMATICO
Término temático o nombre geográfico como elemento de entrada Conservación de la vida silvestre
9 (RLIN) 158
650 24 - ASIENTO SECUNDARIO DE MATERIA - TERMINO TEMATICO
Término temático o nombre geográfico como elemento de entrada Conservación de especies
9 (RLIN) 51527
650 24 - ASIENTO SECUNDARIO DE MATERIA - TERMINO TEMATICO
Término temático o nombre geográfico como elemento de entrada Especies amenazadas
9 (RLIN) 157
700 1# - ASIENTO SECUNDARIO - NOMBRE PERSONAL
Nombre personal Bailie, Jonathan,
Término de relación compilador
-- editor
9 (RLIN) 51529
700 1# - ASIENTO SECUNDARIO - NOMBRE PERSONAL
Nombre personal Groombridge, Brian
Término de relación compilador
-- editor
9 (RLIN) 20586
710 ## - ASIENTO SECUNDARIO - NOMBRE CORPORATIVO
Nombre corporativo o de jurisdicción como elemento de entrada Unión Internacional para la Conservación de la Naturaleza y los Recursos Naturales
9 (RLIN) 6761
942 ## - ELEMENTOS ADICIONALES (KOHA)
Tipo de ítem Libro
Sistema de clasificación Dewey Decimal Classification
Koha issues (borrowed), all copies 1
Existencias
Withdrawn status Lost status Sistema de Clasificación Damaged status No para préstamo Colección Inventariado Ubicación Permanente Ubicación actual Fecha de adquisición Fuente de Valor Valor Total Checkouts Número topográfico Inventario / Código de Barras Date last seen Date checked out Ejemplar Price effective from Forma de adquisición Tipo de material
    Dewey Decimal Classification     General Inventariado 2017 Bogotá Bogotá 06/12/2000 Instituto 39000.00 1 LB-591.68 T53t2 001072 01/09/2016 01/09/2016 Ej.1 04/12/2012   Libro
    Dewey Decimal Classification     General Inventariado 2017 Bogotá Bogotá 18/01/2001 Instituto 39000.00   LB-591.68 T53t2 001074 04/12/2012   V.4 Ej.1 04/12/2012   Libro
    Dewey Decimal Classification     General Inventariado 2017 Bogotá Bogotá 19/03/2004 Instituto 39000.00   LB-591.68 T53t2 014902 04/12/2012   Ej.2 04/12/2012   Libro